<?xml version="1.0" encoding="UTF-8"?>
<collection xmlns="http://www.loc.gov/MARC21/slim">
<record>
  <controlfield tag="001">169873</controlfield>
  <controlfield tag="005">20260304131020.0</controlfield>
  <datafield tag="037" ind1=" " ind2=" ">
    <subfield code="a">TAZ-TFG-2025-4327</subfield>
  </datafield>
  <datafield tag="041" ind1=" " ind2=" ">
    <subfield code="a">spa</subfield>
  </datafield>
  <datafield tag="100" ind1="1" ind2=" ">
    <subfield code="a">Loscertales Montorio, Álvaro</subfield>
  </datafield>
  <datafield tag="242" ind1="0" ind2="0">
    <subfield code="a">The Portuguese pavement. Continuity of a tradition.</subfield>
  </datafield>
  <datafield tag="245" ind1="0" ind2="0">
    <subfield code="a">La calçada portuguesa. Continuidad de una tradición.</subfield>
  </datafield>
  <datafield tag="260" ind1=" " ind2=" ">
    <subfield code="a">Zaragoza</subfield>
    <subfield code="b">Universidad de Zaragoza</subfield>
    <subfield code="c">2025</subfield>
  </datafield>
  <datafield tag="506" ind1=" " ind2=" ">
    <subfield code="a">by-nc-sa</subfield>
    <subfield code="b">Creative Commons</subfield>
    <subfield code="c">3.0</subfield>
    <subfield code="u">http://creativecommons.org/licenses/by-nc-sa/3.0/</subfield>
  </datafield>
  <datafield tag="520" ind1=" " ind2=" ">
    <subfield code="a">Este Trabajo Fin de Grado analiza la calçada portuguesa como tradición constructiva, cultural y artística que ha configurado la identidad urbana de Portugal desde el siglo XIX. En primer lugar, el estudio combina una revisión histórica de sus orígenes con el análisis técnico del proceso constructivo, los materiales empleados y la función de los calceteiros, artesanos cuya labor resulta esencial y hoy se encuentra en riesgo de desaparición. Se examinan las ventajas del sistema como la polivalencia del empedrado, la facilidad de reparación y valor estético, así como algunas de sus principales patologías como es el despegue de piedras o el abollamiento del suelo en zonas concretas. En segundo lugar, se entra más en profundidad con ejemplos de casos de estudio. El trabajo incluye ejemplos reales en los que la calçada trasciende su papel funcional para convertirse en arte urbano que es capaz de trascender. Se abordarán conceptos interesantes como la escala, la memoria, el papel del pavimento en torno a la figura del monumento, o la evolución formal de la calçada hacia la contemporaneidad. La calçada portuguesa trasciende su función de pavimento, consolidándose como símbolo cultural y recurso urbano sostenible que une tradición y contemporaneidad, proyectándose como un arte público vivo.&lt;br /></subfield>
  </datafield>
  <datafield tag="521" ind1=" " ind2=" ">
    <subfield code="a">Graduado en Estudios en Arquitectura</subfield>
  </datafield>
  <datafield tag="540" ind1=" " ind2=" ">
    <subfield code="a">Derechos regulados por licencia Creative Commons</subfield>
  </datafield>
  <datafield tag="856" ind1="0" ind2=" ">
    <subfield code="f">815364@unizar.es</subfield>
  </datafield>
  <datafield tag="856" ind1="4" ind2=" ">
    <subfield code="s">18763203</subfield>
    <subfield code="u">http://zaguan.unizar.es/record/169873/files/TAZ-TFG-2025-4327.pdf</subfield>
    <subfield code="y">Memoria (spa)</subfield>
  </datafield>
  <datafield tag="909" ind1="C" ind2="O">
    <subfield code="o">oai:zaguan.unizar.es:169873</subfield>
    <subfield code="p">driver</subfield>
    <subfield code="p">trabajos-fin-grado</subfield>
  </datafield>
  <datafield tag="950" ind1=" " ind2=" ">
    <subfield code="a"></subfield>
  </datafield>
  <datafield tag="691" ind1=" " ind2=" ">
    <subfield code="a">0</subfield>
  </datafield>
  <datafield tag="692" ind1=" " ind2=" ">
    <subfield code="a"></subfield>
  </datafield>
  <datafield tag="700" ind1=" " ind2=" ">
    <subfield code="a">Dean Álvarez-Castellanos, Alejandro</subfield>
    <subfield code="e">dir.</subfield>
  </datafield>
  <datafield tag="700" ind1=" " ind2=" ">
    <subfield code="a">Colón Mur, María Alegría</subfield>
    <subfield code="e">dir.</subfield>
  </datafield>
  <datafield tag="710" ind1="2" ind2=" ">
    <subfield code="a">Universidad de Zaragoza</subfield>
    <subfield code="b">Unidad Predepartamental de Arquitectura</subfield>
    <subfield code="c">Proyectos Arquitectónicos</subfield>
  </datafield>
  <datafield tag="980" ind1=" " ind2=" ">
    <subfield code="a">TAZ</subfield>
    <subfield code="b">TFG</subfield>
    <subfield code="c">EINA</subfield>
  </datafield>
  <datafield tag="999" ind1=" " ind2=" ">
    <subfield code="a">20250909121533.CREATION_DATE</subfield>
  </datafield>
  <datafield tag="951" ind1=" " ind2=" ">
    <subfield code="a">deposita:2026-03-04</subfield>
  </datafield>
</record>
</collection>